<?xml version="1.0" encoding="UTF-8"?>
<record
    xmlns:xsi="http://www.w3.org/2001/XMLSchema-instance"
    xsi:schemaLocation="http://www.loc.gov/MARC21/slim http://www.loc.gov/standards/marcxml/schema/MARC21slim.xsd"
    xmlns="http://www.loc.gov/MARC21/slim">

  <leader>01167nam a2200301 i 4500</leader>
  <controlfield tag="001">12465</controlfield>
  <controlfield tag="003">ES-MaACL</controlfield>
  <controlfield tag="005">20250801063014.0</controlfield>
  <controlfield tag="008">921016s1989    sp           ||||0| spa d</controlfield>
  <datafield tag="017" ind1=" " ind2=" ">
    <subfield code="a">M 2824-1990 </subfield>
    <subfield code="b">Oficina Dep&#xF3;sito Legal Madrid</subfield>
  </datafield>
  <datafield tag="020" ind1=" " ind2=" ">
    <subfield code="a">84-7232-517-2</subfield>
  </datafield>
  <datafield tag="024" ind1=" " ind2=" ">
    <subfield code="a">028-89-054-5</subfield>
    <subfield code="2">nipo</subfield>
  </datafield>
  <datafield tag="080" ind1=" " ind2=" ">
    <subfield code="a">327(460:8=60)</subfield>
  </datafield>
  <datafield tag="080" ind1=" " ind2=" ">
    <subfield code="a">327(8=60:460)</subfield>
  </datafield>
  <datafield tag="100" ind1="1" ind2=" ">
    <subfield code="a">Enrich Marcet, Silvia</subfield>
    <subfield code="e">aut</subfield>
    <subfield code="9">47260</subfield>
  </datafield>
  <datafield tag="245" ind1="1" ind2="0">
    <subfield code="a">Historia diplom&#xE1;tica entre Espa&#xF1;a e Iberoam&#xE9;rica en el contexto de las relaciones internacionales (1955-1985) / </subfield>
    <subfield code="c">Silvia Enrich ; pr&#xF3;logo de Fernando Mor&#xE1;n</subfield>
  </datafield>
  <datafield tag="260" ind1=" " ind2=" ">
    <subfield code="a">Madrid : </subfield>
    <subfield code="b">Cultura Hisp&#xE1;nica, </subfield>
    <subfield code="c">1989</subfield>
  </datafield>
  <datafield tag="300" ind1=" " ind2=" ">
    <subfield code="a">348 p&#xE1;ginas ; </subfield>
    <subfield code="c">24 cm</subfield>
  </datafield>
  <datafield tag="490" ind1="1" ind2=" ">
    <subfield code="a">Biblioteca diplom&#xE1;tica espa&#xF1;ola (Cultura Hisp&#xE1;nica)</subfield>
  </datafield>
  <datafield tag="651" ind1=" " ind2="4">
    <subfield code="a">Espa&#xF1;a-</subfield>
    <subfield code="x">Relaciones-</subfield>
    <subfield code="z">Am&#xE9;rica Latina</subfield>
    <subfield code="9">8454</subfield>
  </datafield>
  <datafield tag="651" ind1=" " ind2="4">
    <subfield code="a">Am&#xE9;rica Latina-</subfield>
    <subfield code="x">Relaciones-</subfield>
    <subfield code="z">Espa&#xF1;a</subfield>
    <subfield code="9">7760</subfield>
  </datafield>
  <datafield tag="700" ind1="1" ind2=" ">
    <subfield code="a">Mor&#xE1;n, Fernando,</subfield>
    <subfield code="d">1926-2020</subfield>
    <subfield code="e">aui</subfield>
    <subfield code="9">240950</subfield>
  </datafield>
  <datafield tag="830" ind1=" " ind2="0">
    <subfield code="a">Biblioteca diplom&#xE1;tica espa&#xF1;ola (Cultura Hisp&#xE1;nica)</subfield>
    <subfield code="9">228301</subfield>
  </datafield>
  <datafield tag="852" ind1=" " ind2=" ">
    <subfield code="a">ES-MaACL</subfield>
    <subfield code="c">DEPO2</subfield>
    <subfield code="j">L-19709</subfield>
  </datafield>
  <datafield tag="942" ind1=" " ind2=" ">
    <subfield code="2">udc</subfield>
    <subfield code="c">MONOGRAFIA</subfield>
    <subfield code="n">0</subfield>
  </datafield>
  <datafield tag="999" ind1=" " ind2=" ">
    <subfield code="c">12465</subfield>
    <subfield code="d">12465</subfield>
  </datafield>
  <datafield tag="952" ind1=" " ind2=" ">
    <subfield code="0">0</subfield>
    <subfield code="1">0</subfield>
    <subfield code="4">0</subfield>
    <subfield code="7">0</subfield>
    <subfield code="a">ATENEOM</subfield>
    <subfield code="b">ATENEOM</subfield>
    <subfield code="c">DEPO2</subfield>
    <subfield code="d">2008-01-17</subfield>
    <subfield code="e">SC</subfield>
    <subfield code="l">0</subfield>
    <subfield code="o">L-19709</subfield>
    <subfield code="p">1012701</subfield>
    <subfield code="r">2023-02-23 00:00:00</subfield>
    <subfield code="w">2023-02-23</subfield>
    <subfield code="y">MONOGRAFIA</subfield>
  </datafield>
</record>
